000 01146nam a2200229 a 4500
001 000035999
005 20200930074805.0
008 110818s1971 dr 000 0 spa d
040 _aDO-SdBNP
_bspa
_cBNPHU
082 _a780.97293
_bV635p, 1971
100 1 _aVicioso Soto, Horacio.
_923658
245 1 0 _aPanorama de la música en Santo Domingo /
_cHoracio Vicioso Soto ; introducción Eudoro Sánchez y Sánchez.
260 _aSanto Domingo :
_bEditorial la Nación,
_c1971.
300 _a34 p. ;
_c22 cm.
500 _aConferencia pronunciada por el Dr. Horacio Vicioso Soto, Asuntos Jurídicos de la Cancillería, el día 18 de mayo de 1971, en la Biblioteca Nacional bajo el patrocinio del "Círculo Diplomático" de Santo Domingo
590 _aInventariado, 2019/VM
650 4 _aMúsica dominicana
_xHistoria y crítica
_xEnsayos conferencias, etc.
_962028
650 4 _aMúsica aborígen
_xHistoria
_xEnsayos conferencias, etc.
_962029
700 1 _aSánchez y Sánchez, Eudoro
_d[1895-? ]
_962030
710 2 _aRepública Dominicna
_bPresidencia de la República,
_bSecretariado Técnico
_962031
910 _aValidado. Control de calidad MFF
999 _c35490
_d35490